00702 a2200169 45000010006000000050017000060080041000230030015000640400040000790800056001192450051001750200018002262640027002443000019002715050217002901000025005073582520260407155637.0260407a1973 arg spa dAR-UNSa-BCEJYS aAR-UNSa-BCEJYSbspacAR-UNSa-BCEJYS a658.310.8xGestión y administración de personal10aLa movilidad del personal dentro de la empresa a84-309-0444-1 1aMadrid :bTecnosc1973 a155 p.c21 cm. a1. Introducción - 2. Movilidad del personal a inicitaiva del empresario -. Movlidad del personal a iniciiva del trabajador - 4. Movilidad del personal por razones sociales, la capacidad disminuida del trbajador1 aSala Franco, Tomás